| 000 | 00595nam a2200169Ia 4500 | ||
|---|---|---|---|
| 008 | 230917s9999||||xx |||||||||||||| ||und|| | ||
| 020 | _cUSD150 | ||
| 040 |
_e256040 _aMAIN |
||
| 041 | _aEnglish | ||
| 082 | _a584.9 A26P | ||
| 100 | _aAlexopoulou, Efthymia, ed. | ||
| 245 | 0 | _aPerennial grasses for bioenergy and bioproducts: Production, uses, sustainability and markets for giant reed, miscanthus, switchgrass, reed canary grass and bamboo | |
| 260 |
_aLondon _bAcademic Press _c2018 |
||
| 300 | _axiv, 292 p. | ||
| 500 | _a3484 04/07/2019 APD19/1098120 04/07/2019 Main Budget | ||
| 942 | _cBK | ||
| 999 |
_c31450 _d31450 |
||